[Event "27th Fajr Cup Masters 2019"]
[Site "Tehran"]
[Date "2019.02.11"]
[Round "9.4"]
[White "Asgarizadeh, Ahmad"]
[Black "Ghaem Maghami, Ehsan"]
[Result "0-1"]
[WhiteElo "2423"]
[BlackElo "2540"]
[Annotator "TA"]
[PlyCount "101"]
[EventDate "2019.02.05"]
[EventType "swiss"]
[EventCountry "IRI"]
[SourceTitle "playchess.com"]
[Source "ChessBase"]
[SourceQuality "1"]

{[%evp 16,101,31,5,16,10,12,-27,-27,-33,-21,-63,-37,-47,-50,-18,-8,-16,0,-35,-46,-59,-11,-18,-14,-9,-10,-11,-15,-61,-47,-114,-158,-168,-172,-174,-138,-132,-111,-114,-114,-178,-171,-141,-165,-170,-160,-184,-184,-173,-178,-197,-190,-177,-183,-238,-240,-214,-173,-199,-154,-152,-152,-271,-271,-376,-376,-682,-682,-682,-682,-1631,-1978,-1337,-760,-999,-1012,-5085,-1522,-1243,0,-1056,-999,-5081,-5081,-4134,-4133,-1215]} 1. e4 {Atlas,V} c5 2. Nf3 e6 3. d4 cxd4 4. Nxd4 Nc6 5. Nc3 d6 6. g3 Bd7 7. Bg2 Nf6 8. O-O Be7 9. Nb3 O-O {B80: Sicilian Scheveningen: 6 g3 and 6 Be3, including English Attack} (9... a6 10. a4 Na5 11. h3 O-O 12. g4 h6 13. f4 Nxb3 14. cxb3 Nh7 15. Be3 a5 16. Qd2 Bc6 17. Rad1 e5 18. f5 Bg5 19. Bxg5 hxg5 {1-0 (58) Onischuk,V (2601)-Zvjaginsev,V (2679) Tallinn 2016}) 10. f4 b5 {[%cal Bb7b5,Bb5b4][%mdl 32]} 11. Be3 b4 {Black has an edge.} 12. Nb1 a5 $146 {[%cal Ba7a5,Ba5a4][%mdl 32]} ({Predecessor:} 12... e5 13. f5 Na5 14. Nxa5 Qxa5 15. c4 bxc3 16. Nxc3 Bc6 17. a3 {1-0 (42) Salinnikov,D (2484)-Khomyakov,V (2380) Alushta 1999 CBM 070 [Atlas,V]}) 13. c4 a4 14. Nc1 $1 e5 {Strongly threatening ...Ng4.} 15. f5 {[#]} Nd4 $1 {[%mdl 512]} 16. Nd2 (16. Bxd4 exd4) 16... h6 17. Kh1 Bc6 $36 {[%mdl 2048] Black is pushing.} 18. Ne2 Nd7 19. Nxd4 exd4 20. Bxd4 Bf6 21. Bxf6 Qxf6 22. Qc2 Nc5 23. Rae1 {[#]} (23. Rac1 $15) 23... b3 $1 $17 {[%cal Rb3c2][%mdl 512]} 24. axb3 axb3 25. Qb1 Rfe8 {[%mdl 1024] ...Ra2 is the strong threat. Black has strong compensation.} 26. Re2 Ra7 27. Rd1 Rea8 28. Nf1 {[#]} (28. e5 $17 {was necessary.} dxe5 29. Bxc6 Qxc6+ 30. Kg1) 28... Ra1 $1 $19 {[%cal Ra1b1][%mdl 512]} 29. Qxa1 Rxa1 30. Rxa1 Qd4 $1 {[%csl LRc4,LRe4]} 31. Rd2 {[#]} Nd3 $1 {[%cal Rd3f2]} 32. h3 Bxe4 33. Rad1 Bxg2+ ({Don't take} 33... Bxf5 34. Kh2 $17) 34. Kxg2 Qe4+ 35. Kg1 (35. Kh2 {was called for.} Ne5 36. Rf2) 35... Ne5 {Threatens to win with ...Nf3+.} 36. Rf2 Nxc4 ({Don't play} 36... Qxc4 37. f6) 37. f6 h5 38. fxg7 Kxg7 39. h4 (39. Rf4 $17 Qe6 40. Rf2) 39... d5 40. Rf4 Qe5 41. Rfd4 $2 (41. Rf2 Nxb2 42. Rb1) 41... Nxb2 42. Rxd5 Qc7 43. Re1 Qb6+ 44. Kg2 Nc4 45. Rdd1 b2 46. Kh3 Qb7 (46... Qf2 $142 47. Rb1 Na3 48. Rxb2 Qxe1) 47. Kh2 Qb6 $2 (47... Qf3 $19 48. Kg1 Na3) 48. Kg2 $2 {[%mdl 8192]} (48. Kh3 $11 Qf2 49. Rb1) 48... Na3 {Black is clearly winning.} 49. Nd2 Nc2 50. Nb1 Ne3+ 51. Rxe3 {Precision: White = 39%, Black = 75%.} 0-1

[Event "27th Fajr Cup Masters 2019"]
[Site "Tehran"]
[Date "2019.02.11"]
[Round "9.5"]
[White "Mosadeghpour, Masoud"]
[Black "Gholami Orimi, Mahdi"]
[Result "1-0"]
[WhiteElo "2531"]
[BlackElo "2375"]
[Annotator "TA"]
[PlyCount "65"]
[EventDate "2019.02.05"]
[EventType "swiss"]
[EventCountry "IRI"]
[SourceTitle "playchess.com"]
[Source "ChessBase"]
[SourceQuality "1"]

{[%evp 12,65,48,38,58,26,28,26,39,25,32,27,33,24,27,24,30,36,39,26,27,31,32,39,46,39,39,0,96,87,90,86,127,102,142,131,248,265,267,239,347,332,342,345,565,565,558,552,666,641,1110,1035,951,802,683,349]} 1. e4 e5 2. Nf3 Nc6 3. Bb5 a6 4. Ba4 Nf6 5. O-O b5 6. Bb3 Bc5 7. a4 Rb8 {[#] C78: Ruy Lopez: Archangelsk and Möller Defences} (7... Nxe4 $2 8. axb5 Ne7 9. Nxe5 $18) 8. Nxe5 $1 {[%mdl 512]} Nxe5 9. d4 {[#]} Bxd4 $1 {[%mdl 512] White has an edge.} 10. Qxd4 d6 11. f3 c5 $146 ({Predecessor:} 11... O-O 12. Bf4 c5 13. Qd2 c4 14. Ba2 Be6 15. axb5 axb5 {1-0 (61) Wang,H (2711)-Sunilduth Lyna,N (2574) Abu Dhabi 2018}) 12. Qf2 O-O 13. Nc3 Be6 14. Rd1 c4 15. Ba2 $1 b4 16. Ne2 Qa5 17. Bf4 $36 {[%mdl 2048] White has some pressure.} Nh5 18. Be3 ({Not} 18. Rxd6 Nxf4 19. Nxf4 b3 $19) 18... b3 19. Bd2 Qd8 (19... Qc5 $11 20. Be3 Qb4 21. cxb3 Nd3 22. Rxd3 cxd3) 20. cxb3 $16 cxb3 21. Bb1 Qc7 22. Bc3 Rbd8 23. f4 Ng4 (23... Nd7 $16 {is a better defense.}) 24. Qh4 ({Less strong is} 24. Qd4 Qc5 $16) 24... Ngf6 25. Bd3 Rfe8 (25... Bc4 $142 26. g4 Bxd3 27. Rxd3 Nxf4 28. Nxf4 Nxe4) 26. Rac1 $18 {Black must now prevent Bxf6.} Qb7 27. h3 Bd7 $2 (27... Bc8 28. e5 dxe5) 28. e5 {White is clearly winning.} dxe5 29. fxe5 Bc6 30. exf6 Rxd3 31. Rxd3 Rxe2 32. Rd8+ Be8 {[#]} 33. Rxe8+ $1 {[%mdl 512] Accuracy: White = 75%, Black = 56%.} 1-0

[Event "27th Fajr Cup Masters 2019"]
[Site "Tehran"]
[Date "2019.02.11"]
[Round "9.6"]
[White "Li, Bo"]
[Black "Volkov, Sergey"]
[Result "0-1"]
[WhiteElo "2325"]
[BlackElo "2585"]
[Annotator "TA"]
[PlyCount "116"]
[EventDate "2019.02.05"]
[EventType "swiss"]
[EventCountry "IRI"]
[SourceTitle "playchess.com"]
[Source "ChessBase"]
[SourceQuality "1"]

{[%evp 17,115,10,14,9,4,-9,58,48,44,20,19,21,20,4,4,15,4,4,14,0,10,-10,-3,-16,-12,-8,-19,-6,0,0,0,0,0,0,0,0,0,0,0,0,0,0,0,-39,-38,-31,0,0,0,0,0,0,0,-5,0,-16,-16,-16,-16,-16,-7,-119,-16,-119,-106,-106,-106,-304,-304,-251,-245,-304,-304,-304,-149,-297,-297,-254,-236,-584,-584,-1387,-1260,-29970,-29972,-29984,-29985,-29985,-29986,-29989,-29987,-29991,-29992,-29994,-29995,-29996,-29997,-29997,-29998,-29999]} 1. d4 d5 2. c4 c6 3. Nf3 Nf6 4. Nc3 a6 5. cxd5 cxd5 6. Bf4 Nc6 7. e3 Bg4 8. Be2 e6 9. O-O Bd6 10. Ne5 {D13: Slav Defence: Exchange variation without ...Bf5} Bxe2 11. Nxc6 (11. Nxe2 {is more complex.} Bxe5 12. Bxe5 O-O 13. Bxf6 Qxf6 14. Nf4) 11... bxc6 $146 ({Black should play} 11... Bxd1 $11 12. Nxd8 Rxd8 13. Bxd6 Rxd6 14. Rfxd1 Rc6) ({Predecessor:} 11... Bxd1 12. Nxd8 Bxf4 13. Nxb7 Bxe3 14. fxe3 Bh5 15. b4 {½-½ (15) Wang,R (2457)-Volkov,S (2634) Dubai 2005}) 12. Nxe2 $14 {White is slightly better.} c5 13. Bxd6 Qxd6 14. dxc5 Qxc5 15. Qa4+ Qb5 16. Qxb5+ axb5 17. Nd4 Rb8 $1 18. Rfc1 Kd7 19. b4 Ne4 20. f3 Nd6 21. a4 bxa4 22. Rxa4 Rb7 23. Nb3 {aiming for Nc5+.} Rc8 24. Rxc8 Kxc8 $11 {[%mdl 4096] Endgame KRN-KRN} 25. Nc5 Rb6 26. e4 dxe4 27. fxe4 Kc7 28. Kf2 Kc6 29. Ke3 Kb5 30. Ra7 Kxb4 31. Nd3+ Kc3 32. Ne5 f6 33. Rc7+ Kb3 34. Nf3 Nc4+ 35. Ke2 (35. Kd3 {keeps more tension.} Nb2+ 36. Ke2 Nc4 37. Rxg7 Kc3 38. Rc7) 35... g5 36. Nd2+ (36. e5 {seems wilder.} f5 37. Kd3 Nb2+ 38. Ke2 h6 39. Nd4+) 36... Nxd2 37. Kxd2 {KR-KR} h5 38. Ke3 e5 39. g3 (39. h4 $11 {keeps the balance.}) 39... Ra6 (39... g4 $1 $17 40. Rc8 Kb4) 40. Rb7+ (40. h3 $1 $11) 40... Kc4 41. Rc7+ Kb4 42. Rh7 $2 (42. h4 $17 {keeps fighting.}) 42... Ra3+ $19 43. Kf2 Ra2+ 44. Kg1 {[#]} Kc3 $1 45. Rxh5 Kd4 (45... Kd3 $19 {has better winning chances.} 46. h4 g4) 46. Rh6 (46. h4 $17) 46... Ra6 ({Not} 46... Kxe4 47. Rxf6 g4 48. Rf8 $17) 47. h4 {[#]} g4 $1 ({But not} 47... Kxe4 48. hxg5 Ra1+ 49. Kg2 $17) 48. Rg6 $2 (48. Rh8) 48... Kxe4 {Hoping for ...Kf3.} 49. Rxg4+ Kf3 50. Rg8 e4 {Black mates.} 51. h5 e3 52. Re8 e2 53. Kh2 Ra1 54. Re6 e1=Q {[%csl Gf3][%cal Re1g3]} 55. Rxf6+ Kg4 {[%csl Gg4][%cal Re1g3]} 56. Rf4+ Kg5 {[%csl Ga1][%cal Re1h1]} 57. Kg2 Ra2+ 58. Kf3 Qe2# {Accuracy: White = 35%, Black = 70%.} 0-1

[Event "27th Fajr Cup Masters 2019"]
[Site "Tehran"]
[Date "2019.02.11"]
[Round "9.7"]
[White "Senador, Emmanuel"]
[Black "Mousavi, Seyed Khalil"]
[Result "0-1"]
[WhiteElo "2296"]
[BlackElo "2485"]
[Annotator "TA"]
[PlyCount "102"]
[EventDate "2019.02.05"]
[EventType "swiss"]
[EventCountry "IRI"]
[SourceTitle "playchess.com"]
[Source "ChessBase"]
[SourceQuality "1"]

{[%evp 9,102,-19,-15,-18,-16,-18,-18,-29,-21,-34,-17,-24,-6,-20,12,0,14,14,20,18,21,13,0,0,2,-56,-33,-65,-64,-97,-97,-85,-78,-83,-87,-93,-106,-105,-108,-93,-97,-112,-109,-159,-136,-170,-174,-127,-127,-128,-127,-116,-127,-118,-88,-102,-152,-329,-364,-350,-345,-435,-411,-413,-402,-562,-548,-549,-495,-463,-379,-379,-379,-373,-352,-548,-577,-643,-600,-1685,-1703,-1586,-1509,-29979,-29980,-29980,-29981,-29981,-29982,-29982,-29983,-29980,-29981,-29980,-29981]} 1. b3 e5 2. Bb2 d6 3. e3 Nf6 4. d3 (4. c4 g6 5. d4 exd4 6. Qxd4 Bg7 7. Nc3 O-O 8. Nf3 Nbd7 9. Be2 Nc5 10. Rd1 Ng4 11. Qf4 f5 12. Nd4 g5 {0-1 (30) Lagarde,M (2609)-Krasenkow,M (2631) Porticcio 2018}) 4... g6 5. Nd2 Bg7 6. c4 {A01: Nimzowitsch-Larsen Opening} O-O 7. Ngf3 b6 8. Qc2 {The position is equal.} Bb7 9. Be2 Re8 10. O-O Nbd7 11. b4 $146 {[%cal Bb3b4,Bb4b5][%mdl 32]} ({Predecessor:} 11. Ng5 d5 12. cxd5 Nxd5 {0-1 (45) Smith,R (2357)-McLaren,L (2229) Auckland 1999}) 11... c5 12. b5 a5 13. Ne4 Qe7 14. Nfd2 Rad8 15. Bf3 d5 16. Nxf6+ Nxf6 17. e4 ({White should try} 17. cxd5 $11 Nxd5 18. a3) 17... d4 18. g3 h5 19. Bg2 {[#]} h4 $1 {[%mdl 512]} 20. Nf3 (20. gxh4 Bh6) 20... hxg3 21. hxg3 Bh6 22. Bc1 Bxc1 23. Qxc1 Kg7 24. Qg5 Bc8 25. Rae1 Qd6 26. Nh4 Rh8 27. Bf3 Nh7 $1 {[%cal Rh7g5]} 28. Qd2 Qf6 29. Bg2 {[#]} g5 $1 {[%cal Rg5h4]} 30. Nf5+ Bxf5 31. exf5 Qxf5 32. Qe2 Rde8 $36 {[%mdl 2048] Black is really pushing.} 33. Be4 $2 (33. Bc6 $17 {keeps fighting.} Nf6 34. f4 exf4 35. Bxe8 Rxe8 36. Qf3) 33... Qh3 $19 34. Bg2 {[#]} Qh6 $1 {White must now prevent ...Nf6.} 35. f3 f5 36. Kf2 {[#]} e4 $1 {[%mdl 512]} 37. Rh1 (37. dxe4 fxe4) 37... e3+ 38. Kg1 Qd6 39. f4 g4 40. Bc6 Ref8 41. Kg2 Nf6 42. Reg1 (42. a4 $142) 42... Nh5 43. Qe1 Rh6 44. Rh4 Rfh8 45. Rgh1 Qe7 46. R4h2 e2 {Black mates.} 47. Be4 fxe4 48. Qxe2 {[#]} Nxf4+ $1 49. gxf4 Rxh2+ 50. Rxh2 Rxh2+ 51. Kxh2 Qh4+ {Precision: White = 31%, Black = 81%.} 0-1

[Event "27th Fajr Cup Masters 2019"]
[Site "Tehran"]
[Date "2019.02.11"]
[Round "9.8"]
[White "Mirzoev, Azer"]
[Black "Veisi, Bardia"]
[Result "1/2-1/2"]
[WhiteElo "2483"]
[BlackElo "2243"]
[Annotator "TA"]
[PlyCount "144"]
[EventDate "2019.02.05"]
[EventType "swiss"]
[EventCountry "IRI"]
[SourceTitle "playchess.com"]
[Source "ChessBase"]
[SourceQuality "1"]

{[%evp 21,144,4,11,4,10,16,8,3,11,7,3,0,0,0,0,0,4,0,4,4,4,0,10,17,14,0,20,20,29,33,33,33,33,33,50,50,57,57,57,57,58,58,58,58,58,58,58,57,57,57,57,57,57,57,57,57,58,58,58,53,42,50,58,49,72,81,67,67,81,80,74,0,66,41,38,38,43,9,9,9,10,9,16,0,0,0,0,0,0,0,0,0,0,0,0,0,0,0,0,0,0,0,0,0,0,0,0,0,0,0,0,0,0,0,0,0,0,0,0,0,0,0,0,0,0]} 1. d4 {CB} Nf6 2. Nf3 g6 3. g3 Bg7 4. Bg2 O-O 5. O-O d6 6. b3 Nc6 7. Bb2 Ne4 8. c4 f5 9. Nbd2 e5 10. dxe5 Nxd2 11. Qxd2 dxe5 {White should prevent ...e4.} 12. Qd5+ {A87: Dutch Defence: Leningrad System: 5 Nf3} Kh8 $1 13. Qc5 {[%cal Rf3e5]} Re8 $146 ({Predecessor:} 13... e4 14. Rad1 Bxb2 15. Rxd8 Rxd8 16. Ng5 Bd4 17. Qa3 Kg7 18. Nh3 Be5 19. Nf4 Rd2 {1-0 (32) Leitao,R (2617)-Tristan,L (2442) Mar del Plata 2012 EXT 2013 [CB]}) 14. Rad1 Qe7 $1 {[%cal Re7c5]} 15. Qxe7 Rxe7 16. Ng5 e4 17. Bxg7+ Kxg7 18. f3 {[%cal Rf3e4]} exf3 (18... h6 $5 19. Nh3 $8 exf3 20. exf3 Kf6 $14) 19. exf3 f4 20. Rfe1 Rxe1+ 21. Rxe1 h6 22. Ne4 Bf5 23. Nc3 Rf8 24. gxf4 Rf7 25. Kf2 Nd4 26. Bf1 c5 27. Nb5 Nxb5 28. cxb5 $14 {[%mdl 4096] Endgame KRB-KRB} Rd7 29. Re8 b6 30. Kg3 Kf6 31. Bc4 Re7 32. Rf8+ Kg7 33. Ra8 Kf6 34. h4 h5 35. a4 Kg7 36. Kf2 Kf6 37. Rf8+ Kg7 38. Rd8 Rd7 39. Rg8+ Kf6 40. Ke3 Re7+ 41. Kd2 Rd7+ 42. Kc3 Re7 43. Rf8+ Kg7 44. Ra8 Kf6 45. Kb2 Rd7 46. Kc3 Re7 47. b4 cxb4+ 48. Kxb4 Rd7 49. a5 Be6 $1 {The position is equal.} 50. axb6 (50. Rf8+ {keeps more tension.} Ke7 51. Bxe6 Kxe6 52. Rg8 Kf7 53. Rb8) 50... axb6 {[#] Hoping for ...Rd4.} 51. Bxe6 Kxe6 $11 {KR-KR} 52. Kc4 {And now Rb8 would win.} Rc7+ 53. Kd4 {aiming for Rb8.} Rc5 $1 54. Re8+ Kf6 55. Re5 Rc1 56. Rd5 Ke6 {[#] Threatens to win with ...Rd1+.} 57. Rg5 Kf6 58. f5 gxf5 59. Rxh5 {Black must now prevent Rh6+.} Kg6 60. Rh8 {Rb8 is the strong threat.} Rc5 61. h5+ Kg7 62. Re8 {Strongly threatening Re5.} (62. Rd8 {seems wilder.} Rxb5 63. f4 Kh6 64. Rh8+ Kg7 65. Rd8) 62... Rxb5 63. Re6 Rb3 64. h6+ Kh7 65. f4 Rb5 66. Rd6 Kg8 67. Rd7 Kh8 68. Rb7 Kg8 69. Rg7+ Kh8 70. Rc7 Kg8 71. Rb7 Kh8 72. h7 Ra5 {Precision: White = 64%, Black = 87%.} 1/2-1/2